000 00685nam a2200217 a 4500
001 2570
005 20140414132039.0
008 040131s19uu xx 00 eng d
020 _a0-399-23201-x
050 _aTR
_bV573 1999
100 _aCarle, Eric
245 _aThe very clumsy click beetle /
_cEric Carle.
260 _aNew York :
_bPhilomel,
_c1999.
300 _av. p. : ill. ; cm.
500 _aTR/PS
520 _aA clumsy young click beetle learns to land on its feet with encouragement from various animals and a wise old click beetle.
650 _aSound effects books
_xSpecimens.
650 _aBeetles
_xFiction.
650 _aAnimals
_xFiction.
999 _c113797
_d113797